书目信息 |
| 题名: |
过程设备设计
|
|
| 作者: | 郑津洋 , 桑芝富 主编 | |
| 分册: | ||
| 出版信息: | 北京 化学工业出版社 2015 |
|
| 页数: | 385页,[2] 页图版 | |
| 开本: | 26cm | |
| 丛书名: | ||
| 单 册: | ||
| 中图分类: | TQ051.02 | |
| 科图分类: | ||
| 主题词: | 化工过程--hua gong guo cheng--化工设备--设计--高等学校--教材 | |
| 电子资源: | ||
| ISBN: | 978-7-122-24932-6 | |
| 000 | 01394nam0 2200289 450 | |
| 001 | 012001000291 | |
| 005 | 20191108082043.78 | |
| 010 | @a978-7-122-24932-6@dCNY55.00 | |
| 099 | @aCAL 012015161601 | |
| 100 | @a20151218d2015 em y0chiy50 ea | |
| 101 | 0 | @achi |
| 102 | @aCN@b110000 | |
| 105 | @aafk a 000yy | |
| 106 | @ar | |
| 200 | 1 | @a过程设备设计@Aguo cheng she bei she ji@f郑津洋, 桑芝富主编 |
| 205 | @a第4版 | |
| 210 | @a北京@c化学工业出版社@d2015 | |
| 215 | @a385页,[2] 页图版@c图 (部分彩图)@d26cm | |
| 300 | @a“十二五”普通高等教育本科国家级规划教材 中国石油和化学工业优秀出版物 (教材奖) 一等奖 | |
| 320 | @a有书目 (第382-385页) | |
| 330 | @a本书是“十二五”普通高等教育本科国家级规划教材。在修订过程中仍保留了第三版的编排结构, 以及由浅入深、内容丰富、突出基本概念和设计思想的风格, 补充和修改了部分内容, 增加了部分新内容, 以反映过程设备的最新成果。 全书分绪论、压力容器篇和过程设备篇。在绪论中综合介绍过程设备特点、基本要求和设计内涵; 压力容器篇包括压力容器结构、应力分析、材料及时间和环境对其性能的影响、设计准则、常规设计、分析设计和疲劳设计等; 过程设备篇包括储运设备、换热设备、塔设备和反应设备。 | |
| 606 | 0 | @a化工过程@Ahua gong guo cheng@x化工设备@x设计@x高等学校@j教材 |
| 690 | @aTQ051.02@v5 | |
| 701 | 0 | @a郑津洋@AZheng Jinyang@4主编 |
| 701 | 0 | @a桑芝富@ASang Zhifu@4主编 |
| 801 | 0 | @aCN@b北京卓展文化@c20191020 |
| 905 | @b1195858-61@dTQ051.02@e484=4@f4 | |
| 过程设备设计/郑津洋, 桑芝富主编.-第4版.-北京:化学工业出版社,2015 |
| 385页,[2] 页图版:图 (部分彩图);26cm |
| “十二五”普通高等教育本科国家级规划教材 中国石油和化学工业优秀出版物 (教材奖) 一等奖 |
| ISBN 978-7-122-24932-6:CNY55.00 |
| 本书是“十二五”普通高等教育本科国家级规划教材。在修订过程中仍保留了第三版的编排结构, 以及由浅入深、内容丰富、突出基本概念和设计思想的风格, 补充和修改了部分内容, 增加了部分新内容, 以反映过程设备的最新成果。 全书分绪论、压力容器篇和过程设备篇。在绪论中综合介绍过程设备特点、基本要求和设计内涵; 压力容器篇包括压力容器结构、应力分析、材料及时间和环境对其性能的影响、设计准则、常规设计、分析设计和疲劳设计等; 过程设备篇包括储运设备、换热设备、塔设备和反应设备。 |
| ● |
| 相关链接 |
|
|
|
|
正题名:过程设备设计
索取号:TQ051.02/484=4
 
预约/预借
| 序号 | 登录号 | 条形码 | 馆藏地/架位号 | 状态 | 备注 |
| 1 | 1195858 | 211958586 | 第二样本阅览室/ [索取号:TQ051.02/484=4] | 在馆 | |
| 2 | 1195859 | 211958595 | 第三借阅区/ [索取号:TQ051.02/484=4] | 在馆 | |
| 3 | 1195860 | 211958602 | 第三借阅区/ [索取号:TQ051.02/484=4] | 在馆 | |
| 4 | 1195861 | 211958611 | 第三借阅区/ [索取号:TQ051.02/484=4] | 在馆 |